L'unification allemande, un an apres.
Prvé čísla ukázali rozklad východonemeckého priemyslu a ako rýchlo sa mzdy vyrovnali na úroveň Západu. Znova ožila diskusia o menovej integrácii, zamestnanosti, o investičných verejných transferoch "krajom" a o ich účinnosti v procesoch prispôsobovania sa. Navyše bude treba udržať životnú úroveň dom...
Guardado en:
| Autor principal: | |
|---|---|
| Otros Autores: | , |
| Formato: | Capítulo de libro |
| Lenguaje: | francés |
| Materias: | |
| Etiquetas: |
Sin Etiquetas, Sea el primero en etiquetar este registro!
|
MARC
| LEADER | 00000naa a2200000 4500 | ||
|---|---|---|---|
| 001 | r007724 | ||
| 005 | 20221125091526.0 | ||
| 041 | 0 | |a fre | |
| 044 | |a FR | ||
| 245 | 1 | 0 | |a L'unification allemande, un an apres. |c E. Chaney, L. Kenigswald, L. Véron |
| 520 | |a Prvé čísla ukázali rozklad východonemeckého priemyslu a ako rýchlo sa mzdy vyrovnali na úroveň Západu. Znova ožila diskusia o menovej integrácii, zamestnanosti, o investičných verejných transferoch "krajom" a o ich účinnosti v procesoch prispôsobovania sa. Navyše bude treba udržať životnú úroveň domácností, poskytovať subvencie na investície a na zamestnanosť. Treuhandanstalt je zodpovedná za privatizáciu. | ||
| 610 | 2 | 0 | |a vyrovnávanie hospodárske |
| 610 | 2 | 0 | |a Nemecko |
| 610 | 2 | 0 | |a rozvoj hospodársky |
| 610 | 2 | 0 | |a mena |
| 610 | 2 | 0 | |a zamestnanosť |
| 610 | 2 | 0 | |a priemysel |
| 610 | 2 | 0 | |a investície |
| 610 | 2 | 0 | |a privatizácia |
| 610 | 2 | 0 | |a úroveň životná |
| 610 | 2 | 0 | |a mzdy |
| 610 | 2 | 0 | |a východné Nemecko |
| 610 | 2 | 0 | |a západné Nemecko |
| 100 | 1 | |a Chaney, E. | |
| 700 | 1 | |a Kenigswald, L. | |
| 700 | 1 | |a Véron, L. | |